| Tag |
First Indicator |
Second Indicator |
Subfields |
| LEADER |
00000cam a2200000 a 4500 |
| 001 |
in00000088559 |
| 005 |
20151008065127.0 |
| 007 |
hd af----b--- |
| 008 |
810326r19551955miu ab 00010 eng d |
| 035 |
|
|
|a (OCoLC)07263136
|
| 035 |
|
|
|9 AAK5399AM
|
| 040 |
|
|
|a MST
|c MST
|d TXA
|d UtOrBLW
|
| 043 |
|
|
|a n-us---
|
| 049 |
|
|
|a TXAI
|
| 090 |
|
|
|a LB1771
|b .S5 1955x
|
| 099 |
|
|
|a film
|a B
|a 1097
|
| 100 |
1 |
|
|a Sayovitz, Joseph John.
|
| 245 |
1 |
0 |
|a Certification status and procedures for industrial arts teachers in the United States :
|b agencies, types of certificates, rulings and practices, state and regional comparisons, reciprocity, with suggestions for improved patterns /
|c by Joseph J. Sayovitz.
|
| 264 |
|
1 |
|a [Place of publication not identified] :
|b [publisher not identified] ;
|c 1955.
|
| 300 |
|
|
|a vii, 260 leaves.
|
| 336 |
|
|
|a text
|b txt
|2 rdacontent
|
| 337 |
|
|
|a microform
|b h
|2 rdamedia
|
| 338 |
|
|
|a microfilm reel
|b hd
|2 rdacarrier
|
| 502 |
|
|
|b Ph. D.
|c University of Minnesota
|d 1955.
|
| 504 |
|
|
|a Bibliography : leaves 229-231.
|
| 533 |
|
|
|a Microfilm.
|b Ann Arbor, Mich. :
|c University Microfilms,
|d 1955.
|e 1 microfilm reel ; 35 mm.
|
| 500 |
|
|
|a Microform.
|
| 650 |
|
0 |
|a Teachers
|x Certification
|z United States.
|
| 650 |
|
0 |
|a Industrial arts teachers
|x Training of.
|
| 999 |
|
|
|a MARS
|
| 999 |
f |
f |
|s 6b425696-4435-3e59-9cd0-c18b162b50ef
|i 09113775-dacd-3a5e-b0bd-8c69788ed755
|t 0
|
| 952 |
f |
f |
|p default
|a Texas A&M University
|b College Station
|c Sterling C. Evans Library
|d Evans: Microforms (3rd floor)
|t 0
|e film B 1097
|h Other scheme
|i microform -- microfilm reel
|
| 998 |
f |
f |
|a film B 1097
|t 0
|l Evans: Microforms (3rd floor)
|